Statistics for German Cities By Picture

Click here to take the quiz!

General Stats

  • This quiz has been taken 58 times
  • The average score is 7 of 20

Answer Stats

Answer% Correct
Berlin
100%
Cologne
74%
Frankfurt
52%
Dusseldorf
48%
Wuppertal
44%
Hamburg
42%
Bremen
40%
Stuttgart
38%
Munich
36%
Dresden
34%
Essen
28%
Leipzig
28%
Nuremburg
28%
Hannover
16%
Bonn
14%
Duisburg
12%
Mannheim
12%
Dortmund
10%
Bochum
6%
Augsburg
4%

Score Distribution

Percentile by Number Answered

Percent of People with Each Score

Your Score History

You have not taken this quiz